Historia del derecho
Saved in:
| Hovedforfatter: | |
|---|---|
| Format: | Bog |
| Sprog: | spansk |
| Udgivet: |
Madrid
Dykinson
1995
|
| Fag: | |
| Tags: |
Tilføj Tag
Ingen Tags, Vær først til at tagge denne postø!
|
MARC
| LEADER | 00000nam a2200000 a 4500 | ||
|---|---|---|---|
| 001 | UCP3477 | ||
| 003 | CL-VaPUC | ||
| 008 | 990625e19950000SP |||||||||||||||||spa|d | ||
| 082 | 0 | 4 | |a 340.09 |b SAN |2 21 |
| 100 | 0 | |a Sánchez-Arcilla Bernal, José |e author |9 430773 | |
| 245 | 1 | 0 | |a Historia del derecho |
| 300 | |a v | ||
| 942 | |c BK | ||
| 945 | |d 19990625 00:00:00 |a vberengu | ||
| 260 | |a Madrid |b Dykinson |c 1995 | ||
| 500 | |a v.1: Instituciones políticas y administrativas | ||
| 650 | 0 | |a Instituciones políticas |9 255506 | |
| 650 | 7 | |a INSTITUCIONES ADMINISTRATIVAS |2 CL-VaPUC |9 430774 | |
| 650 | 0 | |a Derecho romano |9 255930 | |
| 650 | 0 | |a Ordenamiento jurídico |9 355371 | |
| 650 | 0 | |a Organización |9 256369 | |
| 650 | 0 | |a Derecho español |9 255291 | |
| 650 | 0 | |a Historia del derecho |9 255109 | |
| 651 | 0 | |a Roma |9 255106 | |
| 651 | 0 | |a España |9 254926 | |
| 583 | |a last modification |c 19990625 00:00:00 |k Rodrigo Vera | ||
| 999 | |c 281792 |d 281790 | ||
| 952 | |0 0 |1 0 |4 0 |6 340_090000000000000_SAN_1995 |7 0 |8 DER_HIS |9 322781 |a BIBDER |b BIBDER |d 2019-11-20 |h v.1 |i 348985K |l 1 |o 340.09 SAN 1995 |p 348985K |r 2024-05-23 |s 2024-05-22 |w 2019-11-20 |x Ubicación 4to Piso |y BK |z Estos recursos deben solicitarse con anticipación |k DER | ||